SpongeBob Trivia Quiz Stats

 Plays Quiz not verified by Sporcle

Score 0/14 Timer 03:00
0 Plays Today
Question Answer % Correct
SpongeBob Square ______Pants
99.5%
Krusty _____ (Restaurant)Krab
88.6%
His Best FriendPatrick Star
88.6%
______ BottomBikini
87.3%
Sponge Bob lives in a submerged ______Pineapple
86.8%
Arrogant NeighbourSquidward Tentacles
86.6%
Original NetworkNickelodeon
84.9%
Question Answer % Correct
Rival RestaurantChum Bucket
80.6%
No. of seasonsTwelve
77.4%
Daughter of Mr. KrabsPearl
77.4%
Boat driving lessons from ______Mrs. Puff
77.2%
Country of originUnited States of America
76.7%
His favourite pastimeJellyfishing
68%
Created by Stephen Hillenburg
53.8%

You're not logged in!

Compare scores with friends on all Sporcle quizzes.
OR
Log In

Show Comments

Extras

Top Quizzes Today


Score Distribution

Your Account Isn't Verified!

In order to create a playlist on Sporcle, you need to verify the email address you used during registration. Go to your Sporcle Settings to finish the process.

Report this User

Report this user for behavior that violates our Community Guidelines.

Details: